Intiqād al-mughannī ʻan al-ḥifẓ wa-al-kitāb /

محفوظ في:

المؤلف الرئيسي: Qudsī, Ḥusām al-Dīn (مؤلف)

التنسيق: كتاب

اللغة: Arabic

منشور في: Dimashq : Maṭbaʻat al-Taraqī, 1925.

الموضوعات:

الوسوم: إضافة وسم

لا توجد وسوم, كن أول من يضع وسما على هذه التسجيلة!

رقم الطلب: ML400 .Q827 1925

LEADER 00878nam a22002297a 4500
003 OSt
005 20251221123037.0
008 251221t1925 sy 000 0 ara d
040 |c ARCE Library 
050 1 4 |a ML400  |b .Q827 1925 
100 1 |6 880-01  |a Qudsī, Ḥusām al-Dīn,  |e author  |9 38011 
245 1 0 |6 880-02  |a Intiqād al-mughannī ʻan al-ḥifẓ wa-al-kitāb /   |c qaṭf Ḥusām al-Dīn al-Qudsī. 
264 1 |a Dimashq :   |b Maṭbaʻat al-Taraqī,   |c 1925. 
300 |a 56 pages ;   |c 23 cm. 
650 0 |a Islam  |x Customs and practices. 
650 0 |a Singing  |x Religious aspects  |x Islam. 
650 0 |a Singers   |x Religious aspects   |x Islam. 
880 1 |6 100-01/(3/r  |a قدسي، حسام الدين 
880 1 0 |6 245-02/(3/r  |a انتقاد المغني عن الحفظ والكتاب  |c قطف حسام الدين القدسي 
901 |a reviewed 
942 |c BK  |2 lcc 
999 |c 24545  |d 24545